000 00780nam a2200241Ia 4500
005 20211111074510.0
008 130821s1998 mx gr spa
020 _a9682321255
040 _aCo-BoUCM
_bspa
041 0 0 _aspa
100 1 _aFitzpatrick, Peter
_9163155
245 1 3 _aLa mitología del derecho moderno
_cPeter Fitzpatrick
260 _aMéxico D.F. (México)
_bSiglo XXI Editores
_c1998
300 _axvii, 252 páginas
504 _aIncluye bibliografía
650 0 4 _aFilosofía del derecho
_915792
650 0 4 _aMito en el derecho
_919624
650 0 4 _aTeoría del derecho
_925308
700 1 _aParés, Nuria
_etrad.
_9163156
765 _aThe mithology of modern law
942 _cLIBRO
_a8
_e1
_mF559m
_2DEWEY
_h340.1
999 _c51366
_d51366